000 00730nam a2200229Ii 4500
003 JO-AjNU
008 230605s9999||||xx |||||||||||||| ||und||
017 _a92/10383
020 _a977-5160-07-3
040 _aJO-AjNU
_bara
_erda
_cJO-AjNU
041 _aara
050 1 4 _aBD175.N3244 1992
100 3 _aرمزي، نبيل,
_eauthor
_935629
245 0 0 _aعلم اجتماع المعرفة: المدخل والمنظورات، ج1
250 _aط1
264 3 1 _aالاسكندرية:دار الكتاب الجامعي ، 1992
300 _aج1، 130ص
336 _atext
_btxt
_2rdacontent
337 _aunmediated
_bn
_2rdamedia
338 _avolume
_bnc
_2rdacarrier
650 4 _aعلم اجتماع-فلسفة
_935630
999 _aA14728
_c18296
_d18296